Endothelin-1 plasma levels and acute mountain sickness: letter to the editor
Saved in:
| Main Authors: | , |
|---|---|
| Format: | Article (Journal) Editorial |
| Language: | English |
| Published: |
9 Jun 2016
|
| In: |
High altitude medicine & biology
Year: 2016, Volume: 17, Issue: 2, Pages: 141-141 |
| ISSN: | 1557-8682 |
| DOI: | 10.1089/ham.2016.0019 |
| Online Access: | Verlag, Volltext: https://doi.org/10.1089/ham.2016.0019 Verlag, Volltext: https://www.liebertpub.com/doi/abs/10.1089/ham.2016.0019 |
| Author Notes: | Marc Moritz Berger and Franziska Macholz |
MARC
| LEADER | 00000caa a2200000 c 4500 | ||
|---|---|---|---|
| 001 | 1663204039 | ||
| 003 | DE-627 | ||
| 005 | 20220816133921.0 | ||
| 007 | cr uuu---uuuuu | ||
| 008 | 190412s2016 xx |||||o 00| ||eng c | ||
| 024 | 7 | |a 10.1089/ham.2016.0019 |2 doi | |
| 035 | |a (DE-627)1663204039 | ||
| 035 | |a (DE-599)KXP1663204039 | ||
| 035 | |a (OCoLC)1341209593 | ||
| 040 | |a DE-627 |b ger |c DE-627 |e rda | ||
| 041 | |a eng | ||
| 084 | |a 33 |2 sdnb | ||
| 100 | 1 | |a Berger, Marc Moritz |d 1973- |e VerfasserIn |0 (DE-588)124376010 |0 (DE-627)70661786X |0 (DE-576)294144196 |4 aut | |
| 245 | 1 | 0 | |a Endothelin-1 plasma levels and acute mountain sickness |b letter to the editor |c Marc Moritz Berger and Franziska Macholz |
| 264 | 1 | |c 9 Jun 2016 | |
| 300 | |a 1 | ||
| 336 | |a Text |b txt |2 rdacontent | ||
| 337 | |a Computermedien |b c |2 rdamedia | ||
| 338 | |a Online-Ressource |b cr |2 rdacarrier | ||
| 500 | |a Gesehen am 12.04.2019 | ||
| 700 | 1 | |a Macholz, Franziska |d 1982- |e VerfasserIn |0 (DE-588)1027796893 |0 (DE-627)73400625X |0 (DE-576)375313184 |4 aut | |
| 773 | 0 | 8 | |i Enthalten in |t High altitude medicine & biology |d Thousand Oaks, Calif. : Sage Publications, 2000 |g 17(2016), 2, Seite 141-141 |h Online-Ressource |w (DE-627)320628167 |w (DE-600)2023581-1 |w (DE-576)306829002 |x 1557-8682 |7 nnas |a Endothelin-1 plasma levels and acute mountain sickness letter to the editor |
| 773 | 1 | 8 | |g volume:17 |g year:2016 |g number:2 |g pages:141-141 |g extent:1 |a Endothelin-1 plasma levels and acute mountain sickness letter to the editor |
| 856 | 4 | 0 | |u https://doi.org/10.1089/ham.2016.0019 |x Verlag |x Resolving-System |3 Volltext |7 1 |
| 856 | 4 | 0 | |u https://www.liebertpub.com/doi/abs/10.1089/ham.2016.0019 |x Verlag |3 Volltext |7 1 |
| 951 | |a AR | ||
| 992 | |a 20190412 | ||
| 993 | |a Editorial | ||
| 994 | |a 2016 | ||
| 998 | |g 124376010 |a Berger, Marc Moritz |m 124376010:Berger, Marc Moritz |d 50000 |e 50000PB124376010 |k 0/50000/ |p 1 |x j | ||
| 999 | |a KXP-PPN1663204039 |e 3421588007 | ||
| BIB | |a Y | ||
| SER | |a journal | ||
| JSO | |a {"language":["eng"],"note":["Gesehen am 12.04.2019"],"origin":[{"dateIssuedDisp":"9 Jun 2016","dateIssuedKey":"2016"}],"id":{"doi":["10.1089/ham.2016.0019"],"eki":["1663204039"]},"person":[{"family":"Berger","display":"Berger, Marc Moritz","given":"Marc Moritz","role":"aut"},{"family":"Macholz","display":"Macholz, Franziska","given":"Franziska","role":"aut"}],"type":{"bibl":"article-journal","media":"Online-Ressource"},"recId":"1663204039","relHost":[{"language":["eng"],"note":["Gesehen am 11.02.26"],"origin":[{"dateIssuedKey":"2000","dateIssuedDisp":"2000-","publisherPlace":"Thousand Oaks, Calif. ; Larchmont, NY","publisher":"Sage Publications ; Liebert"}],"part":{"text":"17(2016), 2, Seite 141-141","extent":"1","pages":"141-141","issue":"2","volume":"17","year":"2016"},"id":{"eki":["320628167"],"issn":["1557-8682"],"zdb":["2023581-1"]},"pubHistory":["1.2000 -"],"type":{"bibl":"periodical","media":"Online-Ressource"},"recId":"320628167","title":[{"title_sort":"High altitude medicine & biology","title":"High altitude medicine & biology"}],"disp":"Endothelin-1 plasma levels and acute mountain sickness letter to the editorHigh altitude medicine & biology","physDesc":[{"extent":"Online-Ressource"}]}],"title":[{"title":"Endothelin-1 plasma levels and acute mountain sickness","title_sort":"Endothelin-1 plasma levels and acute mountain sickness","subtitle":"letter to the editor"}],"physDesc":[{"extent":"1 S."}],"name":{"displayForm":["Marc Moritz Berger and Franziska Macholz"]}} | ||
| SRT | |a BERGERMARCENDOTHELIN9201 | ||